Logo Biblioteca

Las armas secretas / (Registro nro. 963)

Detalles MARC
000 -LEADER
fixed length control field 00829nam a22002537a 4500
001 - CONTROL NUMBER
control field 001297574
003 - CONTROL NUMBER IDENTIFIER
control field AR-RoUNCS
005 - DATE AND TIME OF LATEST TRANSACTION
control field 20260312114416.0
007 - PHYSICAL DESCRIPTION FIXED FIELD--GENERAL INFORMATION
fixed length control field ta
008 - FIXED-LENGTH DATA ELEMENTS--GENERAL INFORMATION
fixed length control field 131128s2000 sp gr 001 j spa
020 ## - INTERNATIONAL STANDARD BOOK NUMBER
International Standard Book Number 84-931100-8-6
040 ## - CATALOGING SOURCE
Original cataloging agency AR-BaBN
Language of cataloging spa
Transcribing agency AR-RoUNCS
Description conventions aacr
080 1# - UNIVERSAL DECIMAL CLASSIFICATION NUMBER
Universal Decimal Classification number 82-32(82)
Edition identifier 2016
100 1# - MAIN ENTRY--PERSONAL NAME
Personal name Cortázar, Julio,
Dates associated with a name 1914-1984
Relator term autor
Relationship aut
245 14 - TITLE STATEMENT
Title Las armas secretas /
Statement of responsibility, etc. Julio Cortázar.
260 ## - PUBLICATION, DISTRIBUTION, ETC.
Place of publication, distribution, etc. Barcelona :
Name of publisher, distributor, etc. Sol 90 :
-- Clarín,
Date of publication, distribution, etc. 2000.
300 ## - PHYSICAL DESCRIPTION
Extent 136 p. ;
Dimensions 22 cm.
490 0# - SERIES STATEMENT
Series statement Biblioteca de la Literatura Universal
500 ## - GENERAL NOTE
General note En cubierta: Biblioteca Clarín, 4.
505 00 - FORMATTED CONTENTS NOTE
Formatted contents note Cartas a mamá -- Los buenos servicios -- Las babas del diablo -- EL perseguidor -- Las armas secretas.
650 #7 - SUBJECT ADDED ENTRY--TOPICAL TERM
Source of heading or term embne
Topical term or geographic name entry element Literatura argentina
655 #7 - INDEX TERM--GENRE/FORM
Genre/form data or focus term Cuentos
Source of term embne
942 ## - ADDED ENTRY ELEMENTS (KOHA)
Source of classification or shelving scheme Universal Decimal Classification
Koha item type Obra General
Suppress in OPAC No
Existencias
Withdrawn status Lost status Source of classification or shelving scheme Damaged status Not for loan Collection Home library Current library Date acquired Source of acquisition Total checkouts Full call number Barcode Date last seen Price effective from Koha item type
    Universal Decimal Classification     Colección General Biblioteca Escuela de Ciencias Sociales Biblioteca Escuela de Ciencias Sociales 12/03/2026 Donación 2024   82-32(82) C827 000476 12/03/2026 12/03/2026 Obra General
Biblioteca de la Escuela Preuniversitaria en Ciencias Sociales y Humanísticas.
Riobamba 250 bis.
CP 2000 - Rosario - Santa Fe
E-Mail: biblioteca@esociales.unr.edu.ar